<?xml version="1.0" encoding="UTF-8"?>
<record
    xmlns:xsi="http://www.w3.org/2001/XMLSchema-instance"
    xsi:schemaLocation="http://www.loc.gov/MARC21/slim http://www.loc.gov/standards/marcxml/schema/MARC21slim.xsd"
    xmlns="http://www.loc.gov/MARC21/slim">

  <leader>04295 am a2201081 a 4500</leader>
  <controlfield tag="005">20240524082750.0</controlfield>
  <controlfield tag="008">100310s2010||||ag a   f |||| 001 0 spa d</controlfield>
  <datafield tag="020" ind1=" " ind2=" ">
    <subfield code="a">9789500619011</subfield>
  </datafield>
  <datafield tag="041" ind1=" " ind2=" ">
    <subfield code="a">spa</subfield>
  </datafield>
  <datafield tag="092" ind1=" " ind2=" ">
    <subfield code="c">617.3</subfield>
    <subfield code="l">79</subfield>
    <subfield code="s">SIL</subfield>
  </datafield>
  <datafield tag="100" ind1="1" ind2=" ">
    <subfield code="a">Silberman, Fernando S.</subfield>
    <subfield code="9">570</subfield>
  </datafield>
  <datafield tag="245" ind1=" " ind2=" ">
    <subfield code="a">Ortopedia y Traumatolog&#xED;a /  </subfield>
    <subfield code="c">Fernando S. Silberman</subfield>
  </datafield>
  <datafield tag="250" ind1=" " ind2=" ">
    <subfield code="a">3a ed.</subfield>
  </datafield>
  <datafield tag="260" ind1=" " ind2=" ">
    <subfield code="a">Buenos Aires: </subfield>
    <subfield code="b">Editorial M&#xE9;dica Panamericana;</subfield>
    <subfield code="c">2010.</subfield>
  </datafield>
  <datafield tag="300" ind1=" " ind2=" ">
    <subfield code="a">480 p.</subfield>
    <subfield code="b">il.</subfield>
    <subfield code="c">28x20 cm.</subfield>
  </datafield>
  <datafield tag="500" ind1=" " ind2=" ">
    <subfield code="a">Silberman, F. S. y Varaona, O. (2010). Ortopedia y Traumatolog&#xED;a. (3a ed.). Buenos Aires : Editorial M&#xE9;dica Panamericana. </subfield>
  </datafield>
  <datafield tag="590" ind1=" " ind2=" ">
    <subfield code="a">Compra 2009</subfield>
  </datafield>
  <datafield tag="653" ind1=" " ind2=" ">
    <subfield code="a">Conceptos b&#xE1;sicos en ortopedia y traumatolog&#xED;a</subfield>
  </datafield>
  <datafield tag="653" ind1=" " ind2=" ">
    <subfield code="a">Biolog&#xED;a del tejido &#xF3;seo y crecimiento &#xF3;seo</subfield>
  </datafield>
  <datafield tag="653" ind1=" " ind2=" ">
    <subfield code="a">Diagn&#xF3;stico por im&#xE1;genes</subfield>
  </datafield>
  <datafield tag="653" ind1=" " ind2=" ">
    <subfield code="a">Cirug&#xED;a artrosc&#xF3;pica</subfield>
  </datafield>
  <datafield tag="653" ind1=" " ind2=" ">
    <subfield code="a">Semiologia de la columna vertebral</subfield>
  </datafield>
  <datafield tag="653" ind1=" " ind2=" ">
    <subfield code="a">Escoliosis y cifosis</subfield>
  </datafield>
  <datafield tag="653" ind1=" " ind2=" ">
    <subfield code="a">Cifosis</subfield>
  </datafield>
  <datafield tag="653" ind1=" " ind2=" ">
    <subfield code="a">Tort&#xED;colis cong&#xE9;nito. Enfermedad de Sprengel</subfield>
  </datafield>
  <datafield tag="653" ind1=" " ind2=" ">
    <subfield code="a">Cervicalgias y cervicobraquialgias</subfield>
  </datafield>
  <datafield tag="653" ind1=" " ind2=" ">
    <subfield code="a">Lumbalgias y lumboci&#xE1;ticas</subfield>
  </datafield>
  <datafield tag="653" ind1=" " ind2=" ">
    <subfield code="a">Semiolog&#xED;a del miembro superior</subfield>
  </datafield>
  <datafield tag="653" ind1=" " ind2=" ">
    <subfield code="a">Traumatismos obst&#xE9;tricos</subfield>
  </datafield>
  <datafield tag="653" ind1=" " ind2=" ">
    <subfield code="a">Malformaciones cong&#xE9;nitos del miembro supeiror y de la mano</subfield>
  </datafield>
  <datafield tag="653" ind1=" " ind2=" ">
    <subfield code="a">S&#xED;ndrome del t&#xFA;nel carpiano, de compresi&#xF3;n cubital a nivel del codo y del canal de Guyon y enfermedad de Dupuytren</subfield>
  </datafield>
  <datafield tag="653" ind1=" " ind2=" ">
    <subfield code="a">Lesiones tendinosas de la mano</subfield>
  </datafield>
  <datafield tag="653" ind1=" " ind2=" ">
    <subfield code="a">Lesiones nerviosas traum&#xE1;ticas</subfield>
  </datafield>
  <datafield tag="653" ind1=" " ind2=" ">
    <subfield code="a">Electromiograf&#xED;a</subfield>
  </datafield>
  <datafield tag="653" ind1=" " ind2=" ">
    <subfield code="a">Semiolog&#xED;a de los miembros inferiores</subfield>
  </datafield>
  <datafield tag="653" ind1=" " ind2=" ">
    <subfield code="a">Artrosis de cadera</subfield>
  </datafield>
  <datafield tag="653" ind1=" " ind2=" ">
    <subfield code="a">Necrosis avascular de la cabeza femoral y semiolog&#xED;a de la cadera en ni&#xF1;os y adolescentes</subfield>
  </datafield>
  <datafield tag="653" ind1=" " ind2=" ">
    <subfield code="a">Luxaci&#xF3;n cong&#xE9;nita de cadera</subfield>
  </datafield>
  <datafield tag="653" ind1=" " ind2=" ">
    <subfield code="a">Enfermedad de Perthes</subfield>
  </datafield>
  <datafield tag="653" ind1=" " ind2=" ">
    <subfield code="a">Epifisi&#xF3;lisis de cadera</subfield>
  </datafield>
  <datafield tag="653" ind1=" " ind2=" ">
    <subfield code="a">Cirug&#xED;a de la artrosis de rodilla</subfield>
  </datafield>
  <datafield tag="653" ind1=" " ind2=" ">
    <subfield code="a">R&#xF3;tula luxable</subfield>
  </datafield>
  <datafield tag="653" ind1=" " ind2=" ">
    <subfield code="a">Afecciones ortop&#xE9;dicas del pie</subfield>
  </datafield>
  <datafield tag="653" ind1=" " ind2=" ">
    <subfield code="a">Pie equinovaro cong&#xE9;nito</subfield>
  </datafield>
  <datafield tag="653" ind1=" " ind2=" ">
    <subfield code="a">Metatarso varo. Pie talo valgo. Astr&#xE1;galo vertical</subfield>
  </datafield>
  <datafield tag="653" ind1=" " ind2=" ">
    <subfield code="a">Osteomielitis y micosis &#xF3;seas</subfield>
  </datafield>
  <datafield tag="653" ind1=" " ind2=" ">
    <subfield code="a">Tuberculosis osteoarticular</subfield>
  </datafield>
  <datafield tag="653" ind1=" " ind2=" ">
    <subfield code="a">Artritis s&#xE9;ptica</subfield>
  </datafield>
  <datafield tag="653" ind1=" " ind2=" ">
    <subfield code="a">Osteocondropat&#xED;as</subfield>
  </datafield>
  <datafield tag="653" ind1=" " ind2=" ">
    <subfield code="a">Tumores &#xF3;seos primarios</subfield>
  </datafield>
  <datafield tag="653" ind1=" " ind2=" ">
    <subfield code="a">Met&#xE1;stasis &#xF3;seas</subfield>
  </datafield>
  <datafield tag="653" ind1=" " ind2=" ">
    <subfield code="a">Tumores de partes blandas</subfield>
  </datafield>
  <datafield tag="653" ind1=" " ind2=" ">
    <subfield code="a">Lesiones &#xF3;seas seudotumorales</subfield>
  </datafield>
  <datafield tag="653" ind1=" " ind2=" ">
    <subfield code="a">Osteopat&#xED;as. Hemofilia</subfield>
  </datafield>
  <datafield tag="653" ind1=" " ind2=" ">
    <subfield code="a">Biopsia en ortopedia</subfield>
  </datafield>
  <datafield tag="653" ind1=" " ind2=" ">
    <subfield code="a">Banco de huesos</subfield>
  </datafield>
  <datafield tag="653" ind1=" " ind2=" ">
    <subfield code="a">Artritis reumatoidea</subfield>
  </datafield>
  <datafield tag="653" ind1=" " ind2=" ">
    <subfield code="a">Nociones de neuroortopedia</subfield>
  </datafield>
  <datafield tag="653" ind1=" " ind2=" ">
    <subfield code="a">Mielomeningocele</subfield>
  </datafield>
  <datafield tag="653" ind1=" " ind2=" ">
    <subfield code="a">Par&#xE1;lisis cerebral y poliomielitis aguda</subfield>
  </datafield>
  <datafield tag="653" ind1=" " ind2=" ">
    <subfield code="a">Responsabilidad profesional m&#xE9;dico en ortopedia y traumatolog&#xED;a y aspectos preventivos en el accionar m&#xE9;dico</subfield>
  </datafield>
  <datafield tag="653" ind1=" " ind2=" ">
    <subfield code="a">Generalidades en traumatolog&#xED;a</subfield>
  </datafield>
  <datafield tag="653" ind1=" " ind2=" ">
    <subfield code="a">Fracturas expuestos y lesiones graves de los miembros. Infecciones anaerobias y gangrena gaseosa</subfield>
  </datafield>
  <datafield tag="653" ind1=" " ind2=" ">
    <subfield code="a">S&#xED;ndromes compartimentales</subfield>
  </datafield>
  <datafield tag="653" ind1=" " ind2=" ">
    <subfield code="a">Politraumatismos</subfield>
  </datafield>
  <datafield tag="653" ind1=" " ind2=" ">
    <subfield code="a">Heridas de guerra</subfield>
  </datafield>
  <datafield tag="653" ind1=" " ind2=" ">
    <subfield code="a">Fracturas y luxaciones de la columna vertebral</subfield>
  </datafield>
  <datafield tag="653" ind1=" " ind2=" ">
    <subfield code="a">Lesiones medulares traum&#xE1;ticas</subfield>
  </datafield>
  <datafield tag="653" ind1=" " ind2=" ">
    <subfield code="a">Traumatismos tor&#xE1;cicos</subfield>
  </datafield>
  <datafield tag="653" ind1=" " ind2=" ">
    <subfield code="a">Fracturas y luxaciones del hombro</subfield>
  </datafield>
  <datafield tag="653" ind1=" " ind2=" ">
    <subfield code="a">Fracturas de la di&#xE1;fisis humeral</subfield>
  </datafield>
  <datafield tag="653" ind1=" " ind2=" ">
    <subfield code="a">Lesiones tram&#xE1;ticas del codo</subfield>
  </datafield>
  <datafield tag="653" ind1=" " ind2=" ">
    <subfield code="a">Lesiones traum&#xE1;ticas del antebrazo</subfield>
  </datafield>
  <datafield tag="653" ind1=" " ind2=" ">
    <subfield code="a">Lesiones traum&#xE1;ticas de la mu&#xF1;eca</subfield>
  </datafield>
  <datafield tag="653" ind1=" " ind2=" ">
    <subfield code="a">Fracturas y luxaciones de la mano</subfield>
  </datafield>
  <datafield tag="653" ind1=" " ind2=" ">
    <subfield code="a">Fracturas en general de la pelvis</subfield>
  </datafield>
  <datafield tag="653" ind1=" " ind2=" ">
    <subfield code="a">Fracturas del acet&#xE1;bulo</subfield>
  </datafield>
  <datafield tag="653" ind1=" " ind2=" ">
    <subfield code="a">Fracturas del extremo superior del f&#xE9;mur</subfield>
  </datafield>
  <datafield tag="653" ind1=" " ind2=" ">
    <subfield code="a">Fracturas de la di&#xE1;fisis femoral y lesiones osteotendinosas de la rodilla</subfield>
  </datafield>
  <datafield tag="653" ind1=" " ind2=" ">
    <subfield code="a">Lesiones ligamentarias y meniscales de la rodilla</subfield>
  </datafield>
  <datafield tag="653" ind1=" " ind2=" ">
    <subfield code="a">Fracturas de la pierna</subfield>
  </datafield>
  <datafield tag="653" ind1=" " ind2=" ">
    <subfield code="a">Fracturas del tobillo</subfield>
  </datafield>
  <datafield tag="653" ind1=" " ind2=" ">
    <subfield code="a">Lesiones traum&#xE1;ticas del pie</subfield>
  </datafield>
  <datafield tag="653" ind1=" " ind2=" ">
    <subfield code="a">Tipos de inmovilizaci&#xF3;n</subfield>
  </datafield>
  <datafield tag="653" ind1=" " ind2=" ">
    <subfield code="a">Fijaci&#xF3;n externa</subfield>
  </datafield>
  <datafield tag="653" ind1=" " ind2=" ">
    <subfield code="a">Biomateriales</subfield>
  </datafield>
  <datafield tag="653" ind1=" " ind2=" ">
    <subfield code="a">Infecci&#xF3;n de implantes</subfield>
  </datafield>
  <datafield tag="653" ind1=" " ind2=" ">
    <subfield code="a">Nociones de cirug&#xED;a reparadora</subfield>
  </datafield>
  <datafield tag="653" ind1=" " ind2=" ">
    <subfield code="a">Osteos&#xED;ntesis</subfield>
  </datafield>
  <datafield tag="700" ind1="1" ind2=" ">
    <subfield code="a">Varaona, Oscar.</subfield>
    <subfield code="9">571</subfield>
  </datafield>
  <datafield tag="930" ind1=" " ind2=" ">
    <subfield code="a">2082</subfield>
  </datafield>
  <datafield tag="942" ind1=" " ind2=" ">
    <subfield code="2">ddc</subfield>
    <subfield code="c">BK</subfield>
  </datafield>
  <datafield tag="999" ind1=" " ind2=" ">
    <subfield code="c">67</subfield>
    <subfield code="d">67</subfield>
  </datafield>
  <datafield tag="952" ind1=" " ind2=" ">
    <subfield code="0">0</subfield>
    <subfield code="1">0</subfield>
    <subfield code="2">ddc</subfield>
    <subfield code="4">0</subfield>
    <subfield code="7">0</subfield>
    <subfield code="a">BFM</subfield>
    <subfield code="b">BFM</subfield>
    <subfield code="c">CR</subfield>
    <subfield code="d">2011-05-13</subfield>
    <subfield code="l">59</subfield>
    <subfield code="m">8</subfield>
    <subfield code="o">617.3 79 SIL</subfield>
    <subfield code="p">2082</subfield>
    <subfield code="r">2023-05-17</subfield>
    <subfield code="s">2023-05-17</subfield>
    <subfield code="t">Ej.4</subfield>
    <subfield code="w">2011-05-13</subfield>
    <subfield code="y">BK</subfield>
  </datafield>
  <datafield tag="952" ind1=" " ind2=" ">
    <subfield code="0">0</subfield>
    <subfield code="1">0</subfield>
    <subfield code="2">ddc</subfield>
    <subfield code="4">0</subfield>
    <subfield code="7">0</subfield>
    <subfield code="a">BFM</subfield>
    <subfield code="b">BFM</subfield>
    <subfield code="c">CR</subfield>
    <subfield code="d">2012-10-10</subfield>
    <subfield code="e">COMPRA PROMED, OCTUBRE 2012</subfield>
    <subfield code="g">264.00</subfield>
    <subfield code="l">62</subfield>
    <subfield code="m">7</subfield>
    <subfield code="o">617.3 79 SIL</subfield>
    <subfield code="p">2646</subfield>
    <subfield code="r">2023-06-22</subfield>
    <subfield code="s">2023-06-12</subfield>
    <subfield code="t">Ej.5</subfield>
    <subfield code="w">2012-10-10</subfield>
    <subfield code="y">BK</subfield>
    <subfield code="z">COMPRA PROMED, OCTUBRE 2012</subfield>
  </datafield>
  <datafield tag="952" ind1=" " ind2=" ">
    <subfield code="0">0</subfield>
    <subfield code="1">0</subfield>
    <subfield code="2">ddc</subfield>
    <subfield code="4">0</subfield>
    <subfield code="7">0</subfield>
    <subfield code="a">BFM</subfield>
    <subfield code="b">BFM</subfield>
    <subfield code="c">CR</subfield>
    <subfield code="d">2012-10-10</subfield>
    <subfield code="e">COMPRA PROMED, OCTUBRE 2012</subfield>
    <subfield code="g">264.00</subfield>
    <subfield code="l">52</subfield>
    <subfield code="m">10</subfield>
    <subfield code="o">617.3 79 SIL</subfield>
    <subfield code="p">2647</subfield>
    <subfield code="r">2023-06-05</subfield>
    <subfield code="s">2023-05-29</subfield>
    <subfield code="t">Ej.6</subfield>
    <subfield code="w">2012-10-10</subfield>
    <subfield code="y">BK</subfield>
    <subfield code="z">Compra PROMED, OCTUBRE  2012. Sede Tordos.</subfield>
    <subfield code="f"></subfield>
  </datafield>
  <datafield tag="952" ind1=" " ind2=" ">
    <subfield code="0">0</subfield>
    <subfield code="1">0</subfield>
    <subfield code="2">ddc</subfield>
    <subfield code="4">0</subfield>
    <subfield code="7">0</subfield>
    <subfield code="a">BFM</subfield>
    <subfield code="b">BFM</subfield>
    <subfield code="c">CR</subfield>
    <subfield code="d">2014-02-04</subfield>
    <subfield code="e">PROMED 3er A&#xD1;O, DIC. 2013</subfield>
    <subfield code="g">385.00</subfield>
    <subfield code="l">40</subfield>
    <subfield code="m">12</subfield>
    <subfield code="o">617.3 79 SIL</subfield>
    <subfield code="p">3206</subfield>
    <subfield code="r">2023-06-21</subfield>
    <subfield code="s">2023-06-09</subfield>
    <subfield code="t">Ej.7</subfield>
    <subfield code="w">2014-02-04</subfield>
    <subfield code="y">BK</subfield>
    <subfield code="z">COMPRA PROMED 3er A&#xD1;O  DIC. 2013. Sede Tordos.</subfield>
    <subfield code="f"></subfield>
  </datafield>
  <datafield tag="952" ind1=" " ind2=" ">
    <subfield code="0">0</subfield>
    <subfield code="1">0</subfield>
    <subfield code="2">ddc</subfield>
    <subfield code="4">0</subfield>
    <subfield code="7">0</subfield>
    <subfield code="8">REF</subfield>
    <subfield code="a">BFM</subfield>
    <subfield code="b">BFM</subfield>
    <subfield code="c">REF</subfield>
    <subfield code="d">2014-02-04</subfield>
    <subfield code="e">PROMED 3er A&#xD1;O, DIC. 2013</subfield>
    <subfield code="g">385.00</subfield>
    <subfield code="l">0</subfield>
    <subfield code="o">617.3 79 SIL</subfield>
    <subfield code="p">3207</subfield>
    <subfield code="r">2014-11-06</subfield>
    <subfield code="t">Ej.8</subfield>
    <subfield code="w">2014-02-04</subfield>
    <subfield code="y">REF</subfield>
    <subfield code="z">LIBRO DE CONSULTA. COMPRA PROMED DIC. 2013</subfield>
  </datafield>
  <datafield tag="952" ind1=" " ind2=" ">
    <subfield code="0">0</subfield>
    <subfield code="1">0</subfield>
    <subfield code="2">ddc</subfield>
    <subfield code="4">0</subfield>
    <subfield code="7">0</subfield>
    <subfield code="a">BFM</subfield>
    <subfield code="b">BFM</subfield>
    <subfield code="c">CR</subfield>
    <subfield code="d">2014-02-04</subfield>
    <subfield code="e">PROMED 3er A&#xD1;O,DIC.2013</subfield>
    <subfield code="g">385.00</subfield>
    <subfield code="l">39</subfield>
    <subfield code="m">7</subfield>
    <subfield code="o">617.3 79 SIL</subfield>
    <subfield code="p">3208</subfield>
    <subfield code="r">2024-11-26</subfield>
    <subfield code="s">2024-11-20</subfield>
    <subfield code="t">Ej.9</subfield>
    <subfield code="w">2014-02-04</subfield>
    <subfield code="y">BK</subfield>
    <subfield code="z">COMPRA PROMED DIC. 2013</subfield>
  </datafield>
  <datafield tag="952" ind1=" " ind2=" ">
    <subfield code="0">0</subfield>
    <subfield code="1">0</subfield>
    <subfield code="2">ddc</subfield>
    <subfield code="4">0</subfield>
    <subfield code="7">0</subfield>
    <subfield code="a">BFM</subfield>
    <subfield code="b">BFM</subfield>
    <subfield code="c">CR</subfield>
    <subfield code="d">2014-02-04</subfield>
    <subfield code="e">PROMED 3er A&#xD1;O,DIC. 2013</subfield>
    <subfield code="g">385.00</subfield>
    <subfield code="l">22</subfield>
    <subfield code="m">12</subfield>
    <subfield code="o">617.3 79 SIL</subfield>
    <subfield code="p">3209</subfield>
    <subfield code="r">2025-06-23</subfield>
    <subfield code="s">2025-06-13</subfield>
    <subfield code="t">Ej.10</subfield>
    <subfield code="w">2014-02-04</subfield>
    <subfield code="y">BK</subfield>
    <subfield code="z">COMPRA PROMED DIC. 2013</subfield>
  </datafield>
</record>
